01065nam a2200205 a 4500008004100000050001600041100001500057245003600072246004400108260000900152350000900161650003500170650002000205700001900225995016400244995016400408999001700572952013500589952013500724120416s1969 xx |||||||||||||| || u aDT 31.5 Col aGann, L. H10aColonialism in Africa 1870-1960 athe history and politics of colonialism c1969 a0.00 aAFRICA--COLONIALISM--1870-1960 0aAFRICA--HISTORY aDuignan, Peter aMAIN LIBRARY OPEN ACCESSD0.00e717755FCBU-MAIN LIBRARY (Kitwe)H2I35.00jDT 31.5 ColM2UAVAILABLEWAug 2, 2006y000730ZMain Library Open Access Collection aMAIN LIBRARY OPEN ACCESSD0.00e717450FCBU-MAIN LIBRARY (Kitwe)H1I35.00jDT 31.5 ColM1UAVAILABLEWAug 2, 2006y000729ZMain Library Open Access Collection c79468d79468 00102lcc4070a001b001cMain Library Open Access Collectiond2023-06-29l0oDT 31.5 Colp000730r2023-06-29t1w2023-06-29y002 00102lcc4070a001b001cMain Library Open Access Collectiond2023-06-29l0oDT 31.5 Colp000729r2023-06-29t2w2023-06-29y002